[Event "ESP-chT Div I 2018"]
[Site "Linares"]
[Date "2018.08.10"]
[Round "5"]
[White "Bernal Moro, Luis Javier"]
[Black "Andres Gonzalez, Ivan"]
[Result "1-0"]
[WhiteElo "2413"]
[BlackElo "2349"]
[Annotator "NA"]
[PlyCount "61"]
[EventDate "2018.08.06"]
[EventType "team-tourn"]
[EventCountry "ESP"]
[SourceTitle "playchess.com"]
[Source "ChessBase"]
[SourceQuality "1"]
[TimeControl "40/5400+30:1800+30"]

1. c4 {[%emt 0:00:00]} e5 {[%emt 0:01:13]} 2. Nc3 {[%emt 0:00:00]} Nf6 {[%emt 0:00:42]} 3. Nf3 {[%emt 0:00:00]} Nc6 {[%emt 0:00:22]} 4. e3 {[%emt 0:01:05]} Bb4 {[%emt 0:01:26]} 5. Qc2 {[%emt 0:00:27]} Bxc3 {[%emt 0:00:40]} 6. Qxc3 {[%emt 0:00:26]} Qe7 {[%emt 0:01:25]} 7. b3 {[%emt 0:02:29]} d5 {[%emt 0:07:13]} 8. d4 {[%emt 0:01:36]} Ne4 9. Qb2 {[%emt 0:00:45]} exd4 {[%emt 0:33:30]} 10. cxd5 {[%emt 0:07:29]} Nb4 {[%emt 0:01:54]} 11. Nxd4 {[%emt 0:07:28]} Nxd5 {[%emt 0:01:52]} 12. Bb5+ {[%emt 0:34:04]} Bd7 {[%emt 0:14:09]} 13. Bxd7+ {[%emt 0:01:02]} Qxd7 {[%emt 0:00:13]} 14. Qc2 {[%emt 0:01:50]} f5 {[%emt 0:05:23]} 15. Ba3 {[%emt 0:06:56]} c5 {[%emt 0:03:00]} 16. Ne2 {[%emt 0:12:05]} Qb5 {[%emt 0:02:23]} 17. O-O {[%emt 0:01:08]} O-O {[%emt 0:02:53]} 18. Ng3 {[%emt 0:05:20]} Nxg3 {[%emt 0:03:26]} 19. hxg3 {[%emt 0:00:05]} b6 {[%emt 0:03:15]} 20. Rfd1 {[%emt 0:01:45]} Rad8 {[%emt 0:00:40]} 21. Bb2 {[%emt 0:00:48]} Qb4 {[%emt 0:02:59]} 22. Rd3 {[%emt 0:03:03]} Qe4 {[%emt 0:04:03]} 23. Rad1 {[%emt 0:03:29]} Nf6 {[%emt 0:00:07]} 24. f3 {[%emt 0:00:50]} Qe7 {[%emt 0:02:43]} 25. Rxd8 {[%emt 0:00:23]} Rxd8 {[%emt 0:00:01]} 26. Rxd8+ {[%emt 0:00:13]} Qxd8 {[%emt 0:00:02]} 27. Qxf5 {[%emt 0:00:11]} Qd6 {[%emt 0:00:38]} 28. g4 {[%emt 0:05:44]} Nd5 {[%emt 0:03:06]} 29. Qg5 {[%emt 0:01:40]} Qd7 {[%emt 0:00:28]} 30. Bxg7 {[%emt 0:00:48]} Nb4 {[%emt 0:02:41]} 31. Bc3+ {[%emt 0:00:29]} 1-0

[Event "ESP-chT Div I 2018"]
[Site "Linares"]
[Date "2018.08.10"]
[Round "5"]
[White "Martin Fuentes, Alberto"]
[Black "Vergara Anton, Diego"]
[Result "1/2-1/2"]
[WhiteElo "2391"]
[BlackElo "2022"]
[Annotator "NA"]
[PlyCount "151"]
[EventDate "2018.08.06"]
[EventType "team-tourn"]
[EventCountry "ESP"]
[SourceTitle "playchess.com"]
[Source "ChessBase"]
[SourceQuality "1"]
[TimeControl "40/5400+30:1800+30"]

1. e4 {[%emt 0:00:29]} e6 {[%emt 0:00:00]} 2. Nf3 {[%emt 0:00:15]} d5 {[%emt 0:00:07]} 3. e5 {[%emt 0:00:04]} c5 {[%emt 0:00:16]} 4. b4 {[%emt 0:00:04]} c4 {[%emt 0:02:07]} 5. c3 {[%emt 0:00:28]} a5 {[%emt 0:05:05]} 6. b5 {[%emt 0:00:52]} Bc5 {[%emt 0:05:47]} 7. d4 {[%emt 0:04:03]} cxd3 {[%emt 0:03:53]} 8. Bxd3 {[%emt 0:00:47]} f5 {[%emt 0:04:06]} 9. O-O {[%emt 0:03:59]} Ne7 {[%emt 0:00:57]} 10. Qe2 {[%emt 0:01:54]} O-O {[%emt 0:00:54]} 11. Nbd2 {[%emt 0:01:41]} a4 {[%emt 0:06:07]} 12. Rb1 {[%emt 0:05:02]} Ng6 {[%emt 0:02:27]} 13. g3 {[%emt 0:02:24]} Nd7 {[%emt 0:01:45]} 14. Re1 {[%emt 0:02:48]} Qc7 {[%emt 0:03:37]} 15. Nf1 {[%emt 0:01:49]} Be7 {[%emt 0:03:57]} 16. h4 {[%emt 0:26:54]} Nc5 {[%emt 0:03:42]} 17. h5 {[%emt 0:01:38]} Nh8 {[%emt 0:00:09]} 18. b6 {[%emt 0:01:31]} Qd8 {[%emt 0:01:21]} 19. c4 {[%emt 0:03:48]} Ne4 {[%emt 0:07:17]} 20. cxd5 {[%emt 0:04:54]} Nc3 {[%emt 0:01:18]} 21. Qb2 {[%emt 0:01:08]} Nxd5 {[%emt 0:01:09]} 22. Bc4 {[%emt 0:00:18]} Qe8 {[%emt 0:08:08]} 23. Bxd5 {[%emt 0:06:18]} exd5 {[%emt 0:00:27]} 24. Qd2 {[%emt 0:00:31]} Be6 {[%emt 0:03:35]} 25. Nd4 {[%emt 0:03:10]} Bc5 {[%emt 0:01:31]} 26. h6 {[%emt 0:04:35]} g6 {[%emt 0:00:51]} 27. Rd1 {[%emt 0:04:51]} Nf7 {[%emt 0:11:00]} 28. Nxe6 {[%emt 0:00:58]} Qxe6 {[%emt 0:00:05]} 29. Qxd5 {[%emt 0:00:16]} Qxe5 {[%emt 0:01:18]} 30. Bf4 {[%emt 0:07:18]} Qxd5 {[%emt 0:03:30]} 31. Rxd5 {[%emt 0:00:03]} Rfc8 {[%emt 0:00:53]} 32. Rd7 {[%emt 0:01:23]} g5 {[%emt 0:00:40]} 33. Be3 {[%emt 0:01:14]} Rab8 {[%emt 0:08:04]} 34. Rc1 {[%emt 0:02:04]} Bf8 {[%emt 0:00:57]} 35. Rxb7 {[%emt 0:00:56]} Bxh6 {[%emt 0:02:10]} 36. Rxc8+ {[%emt 0:01:08]} Rxc8 {[%emt 0:00:03]} 37. Rc7 {[%emt 0:00:10]} Rb8 {[%emt 0:01:17]} 38. Bc5 {[%emt 0:02:09]} Nd8 {[%emt 0:01:03]} 39. b7 {[%emt 0:00:40]} Nxb7 {[%emt 0:00:38]} 40. Ba7 {[%emt 0:00:05]} Re8 {[%emt 0:01:15]} 41. Rxb7 {[%emt 0:30:04]} Re2 {[%emt 0:30:17]} 42. a3 {[%emt 0:00:09]} Bf8 {[%emt 0:00:58]} 43. Be3 {[%emt 0:01:15]} f4 {[%emt 0:01:13]} 44. gxf4 {[%emt 0:00:50]} gxf4 {[%emt 0:00:04]} 45. Bd4 {[%emt 0:01:41]} Bxa3 {[%emt 0:02:26]} 46. Ra7 {[%emt 0:00:15]} Re6 {[%emt 0:00:52]} 47. Rxa4 {[%emt 0:00:46]} Rg6+ {[%emt 0:00:13]} 48. Kh1 {[%emt 0:01:04]} Bd6 {[%emt 0:00:29]} 49. Ra6 {[%emt 0:00:42]} Be7 {[%emt 0:02:20]} 50. Rxg6+ {[%emt 0:00:05]} hxg6 {[%emt 0:00:05]} 51. Kg2 {[%emt 0:00:02]} Kf7 {[%emt 0:00:17]} 52. Kf3 {[%emt 0:00:03]} g5 {[%emt 0:00:15]} 53. Kg4 {[%emt 0:00:05]} Kg6 {[%emt 0:00:06]} 54. f3 {[%emt 0:00:18]} Bd8 {[%emt 0:00:19]} 55. Nd2 {[%emt 0:00:10]} Be7 {[%emt 0:00:16]} 56. Nc4 {[%emt 0:00:04]} Bb4 {[%emt 0:01:08]} 57. Ne5+ {[%emt 0:00:12]} Kh6 {[%emt 0:00:42]} 58. Nf7+ {[%emt 0:00:06]} Kg6 {[%emt 0:00:04]} 59. Nxg5 {[%emt 0:00:04]} Bd6 {[%emt 0:00:57]} 60. Nh3 {[%emt 0:00:07]} Bc7 {[%emt 0:00:36]} 61. Nxf4+ {[%emt 0:00:11]} Kf7 {[%emt 0:00:08]} 62. Kf5 {[%emt 0:00:09]} Bd6 {[%emt 0:00:09]} 63. Ke4 {[%emt 0:00:13]} Bb4 {[%emt 0:00:42]} 64. Nd3 {[%emt 0:00:07]} Bd2 {[%emt 0:00:34]} 65. Be3 {[%emt 0:00:02]} Ba5 {[%emt 0:00:10]} 66. f4 {[%emt 0:00:05]} Bc7 {[%emt 0:00:11]} 67. f5 {[%emt 0:00:23]} Kf6 {[%emt 0:00:23]} 68. Bd4+ {[%emt 0:00:19]} Ke7 {[%emt 0:00:08]} 69. Bf2 {[%emt 0:00:12]} Kf7 {[%emt 0:00:24]} 70. Ne5+ {[%emt 0:00:09]} Kf8 {[%emt 0:00:13]} 71. Kd5 {[%emt 0:00:15]} Bd8 {[%emt 0:00:30]} 72. Ke6 {[%emt 0:00:04]} Kg7 {[%emt 0:00:11]} 73. Bc5 {[%emt 0:00:14]} Bf6 {[%emt 0:00:22]} 74. Be7 {[%emt 0:00:09]} Bxe5 {[%emt 0:00:15]} 75. Kxe5 {[%emt 0:00:03]} Kf7 {[%emt 0:00:06]} 76. Ba3 {[%emt 0:00:03]} 1/2-1/2

[Event "ESP-chT Div I 2018"]
[Site "Linares"]
[Date "2018.08.10"]
[Round "5"]
[White "Granero Roca, Antonio"]
[Black "Rivas Garcia, Victor"]
[Result "1-0"]
[WhiteElo "2383"]
[BlackElo "2217"]
[Annotator "NA"]
[PlyCount "75"]
[EventDate "2018.08.06"]
[EventType "team-tourn"]
[EventCountry "ESP"]
[SourceTitle "playchess.com"]
[Source "ChessBase"]
[SourceQuality "1"]
[TimeControl "40/5400+30:1800+30"]

1. d4 {[%emt 0:00:00]} f5 {[%emt 0:00:00]} 2. Nf3 {[%emt 0:00:00]} Nf6 {[%emt 0:00:00]} 3. g3 {[%emt 0:00:13]} d6 {[%emt 0:00:00]} 4. Bg2 {[%emt 0:00:38]} g6 {[%emt 0:00:00]} 5. O-O {[%emt 0:00:30]} Bg7 {[%emt 0:00:08]} 6. c3 {[%emt 0:00:33]} O-O {[%emt 0:02:05]} 7. Nbd2 {[%emt 0:00:42]} Nc6 {[%emt 0:02:01]} 8. b4 {[%emt 0:01:42]} a6 {[%emt 0:03:12]} 9. Qb3+ {[%emt 0:01:18]} e6 {[%emt 0:01:01]} 10. a4 {[%emt 0:01:32]} Kh8 {[%emt 0:07:38]} 11. Ba3 {[%emt 0:02:44]} Qe8 {[%emt 0:03:15]} 12. b5 {[%emt 0:03:31]} Na5 {[%emt 0:04:04]} 13. Qb2 {[%emt 0:01:51]} Bd7 {[%emt 0:11:14]} 14. c4 {[%emt 0:04:11]} e5 {[%emt 0:07:53]} 15. Bb4 {[%emt 0:01:15]} b6 {[%emt 0:01:53]} 16. dxe5 {[%emt 0:00:49]} Ne4 {[%emt 0:07:24]} 17. Qc2 {[%emt 0:04:25]} Nc5 {[%emt 0:08:11]} 18. exd6 {[%emt 0:06:15]} cxd6 {[%emt 0:02:37]} 19. Bc3 {[%emt 0:01:39]} Rc8 {[%emt 0:03:05]} 20. Bxg7+ {[%emt 0:01:25]} Kxg7 {[%emt 0:00:11]} 21. Qb2+ {[%emt 0:00:41]} Kg8 {[%emt 0:00:58]} 22. Nd4 {[%emt 0:00:32]} Ne4 {[%emt 0:02:10]} 23. bxa6 {[%emt 0:01:57]} Qe5 {[%emt 0:05:06]} 24. e3 {[%emt 0:05:34]} Nxd2 {[%emt 0:01:17]} 25. Qxd2 {[%emt 0:02:32]} Nxc4 {[%emt 0:00:16]} 26. Qb4 {[%emt 0:01:00]} d5 {[%emt 0:01:04]} 27. Rad1 {[%emt 0:01:52]} Rfd8 {[%emt 0:03:32]} 28. Nf3 {[%emt 0:03:10]} Qb2 {[%emt 0:02:46]} 29. Qxb2 {[%emt 0:02:20]} Nxb2 {[%emt 0:00:07]} 30. Rxd5 {[%emt 0:00:05]} Bc6 {[%emt 0:03:09]} 31. Rxd8+ {[%emt 0:01:13]} Rxd8 {[%emt 0:00:05]} 32. Rc1 {[%emt 0:00:16]} Be4 {[%emt 0:00:38]} 33. a7 {[%emt 0:00:58]} Nxa4 {[%emt 0:01:03]} 34. Nd4 {[%emt 0:00:14]} Nc5 {[%emt 0:01:15]} 35. Bxe4 {[%emt 0:00:20]} fxe4 {[%emt 0:00:13]} 36. Nb5 {[%emt 0:00:06]} Ra8 {[%emt 0:00:57]} 37. Ra1 {[%emt 0:00:19]} Nb3 {[%emt 0:00:08]} 38. Nc7 {[%emt 0:00:51]} 1-0

[Event "ESP-chT Div I 2018"]
[Site "Linares"]
[Date "2018.08.10"]
[Round "5"]
[White "Bressac, Stephane"]
[Black "Franco Alonso, Alejandro"]
[Result "1/2-1/2"]
[WhiteElo "2341"]
[BlackElo "2410"]
[Annotator "TA"]
[PlyCount "73"]
[EventDate "2018.08.06"]
[EventType "team-tourn"]
[EventCountry "ESP"]
[SourceTitle "playchess.com"]
[Source "ChessBase"]
[SourceQuality "1"]

{[%evp 17,73,0,0,0,8,0,0,-17,-11,-39,-33,-52,-47,-55,-20,-20,0,0,0,0,0,0,24,0,0,0,0,0,0,0,0,0,0,-64,-58,-64,-64,-64,-64,-64,-41,-41,-2,-2,-2,-2,-2,-4,0,0,0,0,0,0,0,0,0,0]} 1. e4 c5 2. Nf3 e6 3. g3 Nc6 4. Bg2 Nf6 5. d3 g6 (5... d5 6. Nbd2 Be7 7. O-O O-O 8. Re1 b5 9. e5 Nd7 10. Nf1 Bb7 11. h4 Qc7 12. Bf4 Rfc8 13. Ne3 Qd8 14. Ng4 Bf8 15. Bg5 Qe8 16. c3 h6 17. Bf4 a5 18. Qd2 b4 19. c4 Ne7 20. h5 {1-0 (59) Kuzubov,Y (2699)-Grischuk,A (2772) Riadh 2017}) 6. O-O {B40: Sicilian: 2...e6, Unusual lines} Bg7 7. Re1 e5 8. c3 O-O 9. Nbd2 d6 {LiveBook: 4 Games} 10. a3 a6 11. b4 Be6 $146 ({Predecessor:} 11... b5 12. Bb2 Nd7 {1-0 (37) Kantans,T (2467)-Miezis,N (2554) Liepaja 2014}) 12. Bb2 Nd7 13. d4 exd4 14. cxd4 cxd4 15. Nb3 Bg4 (15... Bxb3 $5 16. Qxb3 Qb6 $15) 16. Nbxd4 Nde5 {[#] ...Nxd4 is the strong threat.} 17. Nxc6 bxc6 18. Bxe5 Bxe5 19. Rc1 Qb6 20. Qc2 Bxf3 $1 21. Bxf3 Rfc8 22. Bg4 Rc7 23. Kg2 a5 24. f4 Bd4 25. e5 (25. Qa4 $11) 25... dxe5 $15 26. fxe5 axb4 27. axb4 Qxb4 28. e6 fxe6 29. Rxe6 Rf8 {[#] Hoping for ...Rf2+.} 30. Rxc6 {The position is equal.} Rxc6 31. Qxc6 Qd2+ 32. Kh1 $132 {[%mdl 2048] White is not keeping still} Bg7 33. Rd1 Qf2 34. Bh3 Qf3+ 35. Qxf3 Rxf3 36. Be6+ Kh8 37. Kg2 {Precision: White = 76%, Black = 70%.} 1/2-1/2

[Event "ESP-chT Div I 2018"]
[Site "Linares"]
[Date "2018.08.10"]
[Round "5"]
[White "Bergez, Luc"]
[Black "Cramling, Pia"]
[Result "1/2-1/2"]
[WhiteElo "2327"]
[BlackElo "2453"]
[Annotator "TA"]
[PlyCount "82"]
[EventDate "2018.08.06"]
[EventType "team-tourn"]
[EventCountry "ESP"]
[SourceTitle "playchess.com"]
[Source "ChessBase"]
[SourceQuality "1"]

{[%evp 14,82,29,26,35,28,27,31,30,29,35,28,27,30,31,34,33,-1,13,16,18,-14,0,-41,-46,-34,0,0,0,0,0,0,0,0,0,0,0,-41,-35,-35,-33,-33,-33,-33,-33,-33,-33,-33,-29,-88,-88,-95,-95,-95,-95,-95,-95,-103,-103,-103,-103,-103,0,-95,0,-110,-95,-95,-98,-110,0]} 1. e4 c5 2. d3 Nc6 3. g3 d5 4. exd5 Qxd5 5. Nf3 Bg4 6. Bg2 Nf6 {B20: Sicilian: Unusual White 2nd moves} 7. h3 Bh5 8. O-O {LiveBook: 6 Games} (8. Nc3 Qd7 9. Be3 e6 10. Ne4 Nxe4 11. dxe4 O-O-O 12. Qxd7+ Rxd7 13. c3 Be7 14. g4 {0-1 (33) Totsky,L (2498)-Moiseenko,A (2643) Cappelle-la-Grande 2008}) 8... Qd7 {White has an edge.} 9. Nbd2 e6 10. Nc4 Bxf3 $146 ({Predecessor:} 10... Be7 11. g4 Bg6 12. Nfe5 Nxe5 13. Nxe5 Qc7 14. Qe2 {½-½ (36) Vesselovsky,S (2435)-Trichkov,V (2365) Czechia 1997}) 11. Qxf3 Be7 12. Bf4 Nd5 13. Ne5 Nxe5 14. Bxe5 O-O 15. c4 Nb4 16. Qg4 {[%csl Ge5][%cal Rg4g7] [#]} g6 17. h4 {[%cal Bh3h4,Bh4h5][%mdl 32]} Rad8 18. h5 f5 19. Qf3 Nc6 (19... Bf6 {feels hotter.} 20. Bc3 b6 21. Rad1 Nc2 22. Rc1 Nd4) 20. Bc3 Qxd3 21. hxg6 hxg6 22. Qxd3 Rxd3 23. Bxc6 bxc6 24. Kg2 Bf6 25. Rad1 (25. Bxf6 {is interesting.} Rxf6 26. Rfe1 Kf7 27. Re5 f4 28. g4) 25... Rxd1 26. Rxd1 Rd8 27. Rxd8+ Bxd8 $15 {[%mdl 4096] Endgame KB-KB} 28. b3 Kf7 29. Be5 a6 30. f4 g5 {[%cal Bg6g5,Bg5g4][%mdl 32]} 31. Kf3 (31. fxg5 $11 Bxg5 32. g4) 31... Bf6 32. Bd6 g4+ 33. Ke2 Bd4 34. Kf1 Ke8 35. Kg2 Kd7 36. Bf8 Kc7 37. Be7 Kd7 38. Bf8 Kc7 39. Be7 $1 Kb7 {Black is better.} 40. Kh2 Kc8 41. Kg2 {[#]} Kd7 {Precision: White = 67%, Black = 70%.} (41... Kc7 $1 $17) 1/2-1/2

[Event "ESP-chT Div I 2018"]
[Site "Linares"]
[Date "2018.08.10"]
[Round "5"]
[White "Alonso Alvarez, Aitor"]
[Black "Tejedor Fuente, Enrique"]
[Result "0-1"]
[WhiteElo "2306"]
[BlackElo "2408"]
[Annotator "NA"]
[PlyCount "74"]
[EventDate "2018.08.06"]
[EventType "team-tourn"]
[EventCountry "ESP"]
[SourceTitle "playchess.com"]
[Source "ChessBase"]
[SourceQuality "1"]
[TimeControl "40/5400+30:1800+30"]

1. e4 {[%emt 0:03:11]} c5 {[%emt 0:02:14]} 2. Nf3 {[%emt 0:00:06]} a6 {[%emt 0:01:05]} 3. c3 {[%emt 0:02:31]} d5 {[%emt 0:03:35]} 4. exd5 {[%emt 0:00:11]} Qxd5 {[%emt 0:00:01]} 5. d4 {[%emt 0:00:16]} Nf6 {[%emt 0:03:25]} 6. Be2 {[%emt 0:02:03]} e6 {[%emt 0:02:40]} 7. O-O {[%emt 0:00:15]} Nc6 {[%emt 0:02:40]} 8. Be3 {[%emt 0:00:16]} cxd4 {[%emt 0:03:13]} 9. cxd4 {[%emt 0:01:51]} Be7 {[%emt 0:00:45]} 10. Nc3 {[%emt 0:00:05]} Qd8 {[%emt 0:01:07]} 11. Rc1 {[%emt 0:01:25]} O-O {[%emt 0:00:18]} 12. a3 {[%emt 0:03:02]} Bd6 {[%emt 0:08:03]} 13. Bg5 {[%emt 0:02:26]} Ne7 {[%emt 0:06:59]} 14. Bd3 {[%emt 0:06:30]} Ng6 {[%emt 0:06:57]} 15. Ne4 {[%emt 0:09:06]} Be7 {[%emt 0:05:12]} 16. Nxf6+ {[%emt 0:03:09]} Bxf6 {[%emt 0:00:39]} 17. Bxf6 {[%emt 0:00:24]} gxf6 {[%emt 0:02:40]} 18. Qd2 {[%emt 0:05:41]} Qd6 {[%emt 0:09:54]} 19. Rc5 {[%emt 0:15:54]} Rd8 {[%emt 0:19:01]} 20. Rfc1 {[%emt 0:05:34]} Bd7 {[%emt 0:07:58]} 21. Qh6 {[%emt 0:04:10]} Qf8 {[%emt 0:00:29]} 22. Qe3 {[%emt 0:09:54]} Rac8 {[%emt 0:01:13]} 23. h4 {[%emt 0:00:11]} Rxc5 {[%emt 0:03:18]} 24. Rxc5 {[%emt 0:00:01]} Bc6 {[%emt 0:01:43]} 25. Be4 {[%emt 0:00:24]} Bxe4 {[%emt 0:02:04]} 26. Qxe4 {[%emt 0:00:03]} b6 {[%emt 0:02:14]} 27. Rc6 {[%emt 0:03:24]} Qh6 {[%emt 0:02:26]} 28. g3 {[%emt 0:05:13]} f5 {[%emt 0:00:52]} 29. Qc2 {[%emt 0:03:14]} f4 {[%emt 0:00:01]} 30. Rxb6 {[%emt 0:07:39]} fxg3 {[%emt 0:01:05]} 31. fxg3 {[%emt 0:00:01]} Qh5 {[%emt 0:00:18]} 32. Kf2 {[%emt 0:01:52]} Qg4 {[%emt 0:01:19]} 33. Qc7 {[%emt 0:01:59]} Rd5 {[%emt 0:00:30]} 34. Rb3 {[%emt 0:04:21]} Rf5 {[%emt 0:00:13]} 35. Qd8+ {[%emt 0:00:18]} Kg7 {[%emt 0:00:04]} 36. Re3 {[%emt 0:00:45]} Qh3 {[%emt 0:01:10]} 37. Ke2 Qg2+ {[%emt 0:00:03]} 0-1

[Event "ESP-chT Div I 2018"]
[Site "Linares"]
[Date "2018.08.10"]
[Round "5"]
[White "Gutierrez Olivares, Daniel"]
[Black "Shvayger, Yuliya"]
[Result "1-0"]
[WhiteElo "2297"]
[BlackElo "2390"]
[Annotator "NA"]
[PlyCount "67"]
[EventDate "2018.08.06"]
[EventType "team-tourn"]
[EventCountry "ESP"]
[SourceTitle "playchess.com"]
[Source "ChessBase"]
[SourceQuality "1"]
[TimeControl "40/5400+30:1800+30"]

1. c4 {[%emt 0:00:00]} e5 {[%emt 0:00:01]} 2. d3 {[%emt 0:00:18]} Nc6 {[%emt 0:02:01]} 3. g3 {[%emt 0:02:43]} g6 {[%emt 0:00:08]} 4. Bg2 {[%emt 0:00:58]} Bg7 {[%emt 0:00:03]} 5. e3 {[%emt 0:01:48]} Nge7 {[%emt 0:03:12]} 6. Nc3 {[%emt 0:01:56]} d6 {[%emt 0:02:48]} 7. Nge2 {[%emt 0:00:48]} Bg4 {[%emt 0:01:50]} 8. Qd2 {[%emt 0:08:38]} Qd7 {[%emt 0:01:54]} 9. Nd5 {[%emt 0:04:06]} O-O {[%emt 0:03:42]} 10. Nec3 {[%emt 0:01:43]} Nd8 {[%emt 0:08:47]} 11. Nxe7+ {[%emt 0:05:47]} Qxe7 {[%emt 0:00:10]} 12. h3 {[%emt 0:03:28]} Be6 {[%emt 0:01:06]} 13. O-O {[%emt 0:01:12]} Qd7 {[%emt 0:03:37]} 14. Kh2 {[%emt 0:01:03]} c6 {[%emt 0:00:13]} 15. b3 {[%emt 0:00:48]} f5 {[%emt 0:02:58]} 16. f4 {[%emt 0:03:54]} d5 {[%emt 0:06:04]} 17. cxd5 {[%emt 0:14:53]} cxd5 {[%emt 0:00:38]} 18. Ba3 {[%emt 0:01:35]} Re8 {[%emt 0:01:22]} 19. fxe5 {[%emt 0:03:29]} Bxe5 {[%emt 0:00:21]} 20. Rac1 {[%emt 0:01:55]} Nc6 {[%emt 0:05:59]} 21. d4 {[%emt 0:02:24]} Bg7 {[%emt 0:01:53]} 22. Na4 {[%emt 0:00:42]} b6 {[%emt 0:04:08]} 23. Nb2 {[%emt 0:01:00]} Bf7 {[%emt 0:02:10]} 24. Rc3 {[%emt 0:01:34]} a5 {[%emt 0:13:57]} 25. Rfc1 {[%emt 0:01:36]} Na7 {[%emt 0:01:55]} 26. Rc7 {[%emt 0:02:05]} Qe6 {[%emt 0:00:08]} 27. Nd3 {[%emt 0:03:00]} Qxe3 {[%emt 0:23:32]} 28. Qxe3 {[%emt 0:11:46]} Rxe3 {[%emt 0:00:03]} 29. Rxf7 {[%emt 0:06:28]} Kxf7 {[%emt 0:00:02]} 30. Rc7+ {[%emt 0:01:54]} Kf6 {[%emt 0:00:45]} 31. Nf4 {[%emt 0:00:37]} Re4 {[%emt 0:02:35]} 32. Nxd5+ {[%emt 0:04:45]} Ke6 {[%emt 0:00:02]} 33. Bxe4 {[%emt 0:01:54]} fxe4 {[%emt 0:00:27]} 34. Nxb6 {[%emt 0:00:35]} 1-0

[Event "ESP-chT Div I 2018"]
[Site "Linares"]
[Date "2018.08.10"]
[Round "5"]
[White "Aranaz Murillo, Amalia"]
[Black "Rodrigo Yanguas, Maria"]
[Result "1-0"]
[WhiteElo "2227"]
[BlackElo "2062"]
[Annotator "NA"]
[PlyCount "67"]
[EventDate "2018.08.06"]
[EventType "team-tourn"]
[EventCountry "ESP"]
[SourceTitle "playchess.com"]
[Source "ChessBase"]
[SourceQuality "1"]
[TimeControl "40/5400+30:1800+30"]

1. Nf3 {[%emt 0:00:00]} Nf6 {[%emt 0:00:00]} 2. c4 {[%emt 0:00:00]} g6 {[%emt 0:00:00]} 3. g3 {[%emt 0:00:00]} Bg7 {[%emt 0:00:07]} 4. Bg2 {[%emt 0:00:00]} O-O {[%emt 0:00:11]} 5. O-O {[%emt 0:00:23]} d6 {[%emt 0:00:14]} 6. d4 {[%emt 0:00:45]} Nbd7 {[%emt 0:00:43]} 7. Nc3 {[%emt 0:00:42]} e5 {[%emt 0:00:30]} 8. e4 {[%emt 0:00:21]} exd4 {[%emt 0:00:43]} 9. Nxd4 {[%emt 0:00:11]} a6 {[%emt 0:01:34]} 10. h3 {[%emt 0:02:48]} Re8 {[%emt 0:00:41]} 11. Re1 {[%emt 0:01:47]} Ne5 {[%emt 0:06:21]} 12. b3 {[%emt 0:02:22]} Rb8 {[%emt 0:01:09]} 13. a4 {[%emt 0:01:50]} a5 {[%emt 0:03:51]} 14. Ra2 {[%emt 0:01:45]} Nfd7 {[%emt 0:07:48]} 15. Rd2 {[%emt 0:07:06]} Nc5 {[%emt 0:03:54]} 16. f4 {[%emt 0:12:18]} Ned7 {[%emt 0:09:46]} 17. Ncb5 {[%emt 0:06:38]} Bf8 {[%emt 0:10:29]} 18. Bb2 {[%emt 0:23:13]} c6 {[%emt 0:05:06]} 19. Nc3 {[%emt 0:00:34]} Qb6 {[%emt 0:00:57]} 20. Kh2 {[%emt 0:00:04]} Bg7 {[%emt 0:04:50]} 21. Ba1 {[%emt 0:07:28]} Nf8 {[%emt 0:10:26]} 22. Ndb5 {[%emt 0:03:08]} cxb5 {[%emt 0:13:31]} 23. Rxd6 {[%emt 0:00:16]} Qc7 {[%emt 0:00:51]} 24. Nxb5 {[%emt 0:00:13]} Qe7 {[%emt 0:00:21]} 25. Bxg7 {[%emt 0:00:30]} Kxg7 {[%emt 0:03:36]} 26. Qd4+ {[%emt 0:00:06]} Kg8 {[%emt 0:00:36]} 27. Qxc5 {[%emt 0:00:06]} Ne6 {[%emt 0:01:01]} 28. Qd5 {[%emt 0:07:10]} h5 {[%emt 0:00:32]} 29. f5 {[%emt 0:01:39]} Nf8 {[%emt 0:05:22]} 30. f6 {[%emt 0:00:39]} Qe5 {[%emt 0:01:03]} 31. Qxe5 {[%emt 0:00:05]} Rxe5 {[%emt 0:00:02]} 32. Rd8 {[%emt 0:00:07]} Rc5 {[%emt 0:01:43]} 33. Red1 {[%emt 0:00:47]} Ra8 {[%emt 0:01:35]} 34. Rxf8+ {[%emt 0:00:17]} 1-0